| Tag |
First Indicator |
Second Indicator |
Subfields |
| LEADER |
00000cam a2200000 a 4500 |
| 001 |
in00000001588 |
| 007 |
he bmb024bbca |
| 008 |
981118s1998 dcu b f000 0 eng c |
| 005 |
20230309222503.8 |
| 035 |
|
|
|a (OCoLC)ocm40343013
|
| 035 |
|
|
|9 AJC2821AM
|
| 035 |
|
|
|a in00000001588
|
| 037 |
|
|
|a 160018
|b GAO (202) 512-6000 (Voice); (202) 512-6061 (Fax)
|f paper copy
|
| 040 |
|
|
|a GPO
|c GPO
|d DLC
|d MvI
|d UtOrBLW
|
| 042 |
|
|
|a pcc
|
| 043 |
|
|
|a n-us---
|
| 049 |
|
|
|a UMIC
|
| 049 |
|
|
|a WWW
|
| 074 |
|
|
|a 0546-D-01 (MF)
|
| 074 |
|
|
|a 0546-D-01 (online)
|
| 086 |
0 |
|
|a GA 1.5/2:T-GGD-98-69
|
| 100 |
1 |
|
|a Ungar, Bernard L.
|
| 245 |
1 |
0 |
|a General Services Administration :
|b overestimation of Federal Buildings Fund rental revenue projections : statement of Bernard L. Ungar, Director, Government Business Operations Issues, General Government Division, before the Subcommittee on Public Buildings and Economic Development, Committee on Transportation and Infrastructure, House of Representatives /
|c United States General Accounting Office.
|
| 246 |
3 |
0 |
|a Overestimation of Federal Buildings Fund rental revenue projections
|
| 264 |
|
1 |
|a Washington, D.C. :
|b The Office,
|c [1998]
|
| 300 |
|
|
|a 11 pages ;
|c 28 cm.
|
| 336 |
|
|
|a text
|b txt
|2 rdacontent
|
| 337 |
|
|
|a microform
|b h
|2 rdamedia
|
| 338 |
|
|
|a microfiche
|b he
|2 rdacarrier
|
| 490 |
1 |
|
|a Testimony ;
|v GAO/T-GGD-98-69
|
| 500 |
|
|
|a Cover title.
|
| 500 |
|
|
|a Shipping list number: 98-1130-M.
|
| 500 |
|
|
|a "March 5, 1998."
|
| 530 |
|
|
|a Also available via Internet from the GPO Access web site. Address as of 12/07/2001: http://frwebgate.access.gpo.gov/cgi-bin/getdoc.cgi?dbname=gao&docid=f:gg98069t.pdf; current access is available via PURL.
|
| 533 |
|
|
|a Microfiche.
|b [Washington, D.C.] :
|c U.S. General Accounting Office,
|d [1998?]
|e 1 microfiche : negative.
|
| 500 |
|
|
|a Microform.
|
| 650 |
|
0 |
|a Public buildings
|z United States
|x Finance.
|
| 610 |
1 |
0 |
|a United States.
|b General Services Administration
|x Finance.
|
| 610 |
1 |
0 |
|a United States.
|b Public Buildings Service
|x Finance.
|
| 710 |
1 |
|
|a United States.
|b General Accounting Office.
|
| 830 |
|
0 |
|a Testimony ;
|v GAO/T-GGD-98-69.
|
| 856 |
4 |
1 |
|u https://purl.fdlp.gov/GPO/LPS16301
|z Adobe Acrobat reader required.
|t 0
|
| 999 |
|
|
|a MARS
|
| 999 |
f |
f |
|i 3bdc3eb6-185e-3e11-afb9-2b938e06423f
|s 50781afc-d2d1-3cce-b9f2-4eea99072048
|t 0
|
| 952 |
f |
f |
|p normal
|a Texas A&M University
|b College Station
|c Sterling C. Evans Library
|d Evans: US Documents Microfiche (3rd floor)
|t 0
|e GA 1.5/2:T-GGD-98-69
|h Superintendent of Documents classification
|i microform -- microfiche
|m A14824412187
|
| 952 |
f |
f |
|a Texas A&M University
|b College Station
|c Electronic Resources
|d Available Online
|t 0
|e GA 1.5/2:T-GGD-98-69
|h Superintendent of Documents classification
|
| 998 |
f |
f |
|a GA 1.5/2:T-GGD-98-69
|t 0
|l Available Online
|
| 998 |
f |
f |
|a GA 1.5/2:T-GGD-98-69
|t 0
|l Evans: US Documents Microfiche (3rd floor)
|